The Analysis of Geophysical Characteristics of Series of Kazakhstan Useful Minerals deposits/ (Record no. 616685)

000 -LEADER
fixed length control field 00510nam a22001697a 4500
020 ## - INTERNATIONAL STANDARD BOOK NUMBER
International Standard Book Number 9965324654
082 ## - DEWEY DECIMAL CLASSIFICATION NUMBER
Classification number 553.09584
Author Mark KUN
100 ## - MAIN ENTRY--PERSONAL NAME
Personal name Kunayev, M.S
245 ## - TITLE STATEMENT
Title The Analysis of Geophysical Characteristics of Series of Kazakhstan Useful Minerals deposits/
Statement of responsibility, etc. M.S Kunayev,and D.Sh.Sadykov
260 ## - PUBLICATION, DISTRIBUTION, ETC.
Place of publication, distribution, etc. Almaty:
Name of publisher, distributor, etc. Gylym;
Date of publication, distribution, etc. 2007.
300 ## - PHYSICAL DESCRIPTION
Extent 374p
504 ## - BIBLIOGRAPHY, ETC. NOTE
Bibliography, etc. note Kazakh Language
563 ## - BINDING INFORMATION
Binding note HB
650 ## - SUBJECT ADDED ENTRY--TOPICAL TERM
Topical term or geographic name entry element Economic geology
650 ## - SUBJECT ADDED ENTRY--TOPICAL TERM
Topical term or geographic name entry element Mineral resources
942 ## - ADDED ENTRY ELEMENTS (KOHA)
Source of classification or shelving scheme
Koha item type Book
650 ## - SUBJECT ADDED ENTRY--TOPICAL TERM
-- 133721
650 ## - SUBJECT ADDED ENTRY--TOPICAL TERM
-- 133722
Holdings
Withdrawn status Lost status Source of classification or shelving scheme Materials specified (bound volume or other part) Damaged status Not for loan Permanent Location Current Location Date acquired Coded location qualifier Total Checkouts Full call number Barcode Date last seen Price effective from Koha item type Public note Source of acquisition
      Satbayev centre     Central Library (CL) Central Library (CL) 03/15/2026 Satbayev c   553.09584 KUN CL-D-3267 03/15/2026 03/15/2026 Book Satbayev Centre  
      Satbayev centre     Central Library (CL) Central Library (CL) 03/15/2026 Satbayev c   553.09584 KUN CL-D-3268 03/15/2026 03/15/2026 Book Satbayev centre Satbayev centre
      Satbayev centre     Central Library (CL) Central Library (CL) 03/15/2026 Satbayev c   553.09584 KUN CL-D-3269 03/15/2026 03/15/2026 Book Satbayev centre Satbayev centre
      Satbayev centre     Central Library (CL) Central Library (CL) 03/15/2026 Satbayev c   553.09584 KUN CL-D-3270 03/15/2026 03/15/2026 Book Satbayev centre Satbayev centre
      Satbayev centre     Central Library (CL) Central Library (CL) 03/15/2026 Satbayev c   553.09584 KUN CL-D-3271 03/15/2026 03/15/2026 Book Satbayev centre Satbayev centre
© 2023 Central Library, National University of Sciences and Technology. All Rights Reserved.